HOW TO GET WHAT YOU WANT FROM ALMOST ANYBODY (Record no. 151318)

MARC details
000 -LEADER
fixed length control field 00283nam a2200109Ia 4500
008 - FIXED-LENGTH DATA ELEMENTS--GENERAL INFORMATION
fixed length control field 230302s9999 xx 000 0 und d
082 ## - DEWEY DECIMAL CLASSIFICATION NUMBER
Classification number 658.8342GRO
100 ## - MAIN ENTRY--PERSONAL NAME
Personal name GROSS (T.SCOTT)
245 ## - TITLE STATEMENT
Title HOW TO GET WHAT YOU WANT FROM ALMOST ANYBODY
260 ## - PUBLICATION, DISTRIBUTION, ETC.
Place of publication, distribution, etc. NY
Name of publisher, distributor, etc. WEST PUB
365 ## - TRADE PRICE
Currency code RS
Holdings
Withdrawn status Lost status Damaged status Not for loan Home library Current library Date acquired Cost, normal purchase price Total Checkouts Full call number Barcode Date last seen Price effective from Koha item type
        College of Engineering, New Delhi College of Engineering, New Delhi 03/03/2023 175.00   658.8342GRO ECD-MB5618 03/03/2023 03/03/2023 Book